00555nam a2200181Ia 450000500170000000800410001702000100005804000190006804100120008708200160009910000320011524500930014726000430024030000180028350400500030165000120035185000100036320221128112813.0131103s9999 xx 000 0 und d cRs.12 aLoreto College aEnglish a954.16bCHA aChakravorty,Brendra Chandra aBritish relations with the Hill Tribes of Assam since 1858cBirendra Chandra Chakravorty aCalcuttabFirma K.L.Mukhopadhyayc1964 a222 p.b maps aIncludes index and bibliographical references aHistory aLCLIB